000 00841cam a2200217 4500
001 J121781
008 020919n2002 000 0 eng u
035 _a(Sirsi) u121781
041 _aeng.
100 _aBanister, David
245 _aMaking transport work: business and the local transport plan process
_h[multimedia]
260 _aLondon
_bRICS
_c2002
490 _aRICS Multimedia Presentations
520 _aA study which provides chartered surveyors, local government, and businesses with a ♯quick reference guideα to how they may become involved in the local transport plan process.
650 _aLOCAL TRANSPORT PLANS
650 _aBUSINESSES
650 _aPLANNING
690 _aTRANSPORT AND COMMUNICATIONS
710 _aRoyal Institution of Chartered Surveyors
_bPlanning and Development Faculty
_94351
942 _n0
999 _c102735
_d102735